Inovačná výkonnosť vybraných krajín Európskej únie diplomová práca

Saved in:
Bibliographic Details
Main Author: Fogašová, Martina
Corporate Author: Podnikovohospodárska fakulta EU so sídlom v Košiciach. Katedra ekonómie
Other Authors: Duľová Spišáková, Emília, 1983-
Format: Book
Language:Slovak
Published: Košice 2016
Tags: Add Tag
No Tags, Be the first to tag this record!

MARC

LEADER 00000nbm a2200000 4500
001 0217549
005 20240827092428.6
041 0 |a slo 
044 |a SK 
245 1 0 |a Inovačná výkonnosť vybraných krajín Európskej únie  |b diplomová práca  |c Martina Fogašová ; školiteľ: Emília Duľová Spišáková 
264 1 |a Košice  |c 2016 
300 |a 70 s. 
100 1 |a Fogašová, Martina 
700 1 |a Duľová Spišáková, Emília, 1983- 
710 2 |a Podnikovohospodárska fakulta EU so sídlom v Košiciach. Katedra ekonómie